Psicología y teoría del conocimiento / (Record no. 56531)

MARC details
000 -LEADER
campo de control de longitud fija 00563nam a2200169 i 4500
001 - NÚMERO DE CONTROL
campo de control 56531
003 - IDENTIFICADOR DE NÚMERO DE CONTROL
campo de control ES-MaACL
007 - CAMPO FIJO DE DESCRIPCIÓN FÍSICA--INFORMACIÓN GENERAL
campo de control de longitud fija t|
008 - DATOS DE LONGITUD FIJA--INFORMACIÓN GENERAL
campo de control de longitud fija 031009s1945 mx ||||1| spa d
100 1# - ENTRADA PRINCIPAL--NOMBRE DE PERSONA
Nombre de persona Dilthey, Wilhelm.
9 (RLIN) 44818
245 10 - MENCIÓN DEL TÍTULO
Título Psicología y teoría del conocimiento /
Mención de responsabilidad, etc. Wilhelm Dilthey ; versión, prólogo y notas de Eugenio Imaz.
250 ## - MENCION DE EDICION
Mención de edición [1ª ed.].
260 ## - PUBLICACIÓN, DISTRIBUCIÓN, ETC.
Lugar de publicación, distribución, etc. México :
Nombre del editor, distribuidor, etc. Fondo de Cultura Económica,
Fecha de publicación, distribución, etc. 1945 (
Fabricante Gráfica Panamericana)
300 ## - DESCRIPCIÓN FÍSICA
Extensión XXIII, 486 p. ;
Dimensiones 24 cm.
700 1# - ENTRADA AGREGADA--NOMBRE PERSONAL
Nombre de persona Imaz, Eugenio.
9 (RLIN) 65203
852 ## - LOCALIZACIÓN
Ubicación ES-MaACL
Número de control de estantería E-2282
Sublocalización o colección R.23398
Holdings
Estatus retirado Estado de pérdida Estado de daño No para préstamo Biblioteca de origen Biblioteca actual Ubicación en estantería Fecha de adquisición Fuente de adquisición Total de préstamos Signatura topográfica completa Código de barras Visto por última vez Precio de reemplazo Tipo de ítem Koha
        Biblioteca del Ateneo de Madrid Biblioteca del Ateneo de Madrid Depósito 2 17/01/2008     E-2282 1059371 23/02/2023 23/02/2023 Libro impreso